Statistieken voor Top 15 landen met Covid-19 sterfgevallen - 6 mei

Klik hier om de quiz te nemen!

Algemene statistieken

  • Deze quiz is 2 keer genomen
  • De gemiddelde score is 17 van 21

Antwoordstatistieken

land% Correct
Brazilië
100%
Canada
100%
China
100%
Duitsland
100%
Frankrijk
100%
Italië
100%
Mexico
100%
Nederland
100%
Portugal
100%
Spanje
100%
Verenigde Staten
100%
Verenigd Koninkrijk
100%
Zweden
100%
Zweden
100%
België
50%
Denemarken
50%
Ierland
50%
Iran
50%
Turkije
50%
Zwitserland
50%
Ecuador
0%

Scoreverdeling

Percentiel versus Aantal Correcte Antwoorden

Procent van Mensen met Elke Score

Uw Scoregeschiedenis

U heeft deze quiz nog niet genomen